000 00662nam a22002411c 4500
001 a987677550
008 161019s2005 gw |||| 000u rus d
020 _a5988990053
_95-98899-005-3
041 _arus
100 1 _aKuznecova, Ljubov' F.
245 0 0 _aŠčeglovy :
_bistoriko-genealogičeskoe issledovanie
264 _aKemerovo :
_bSkif,
_c2005
650 0 _aGenealogie
650 0 _aKraevedenie
651 0 _aSibirien
651 0 _aKemerovo
651 0 _a
700 1 _aUskov, Igor' Ju.
_eVerfasserIn
710 2 _aInstitut ekologii čeloveka SO RAN : Administracia goroda Kemerovo
942 _cMG
040 _cRU-10907106
003 RU-10907106
999 _c39594
_d39594